ბათუმის შოთა რუსთაველის სახელმწიფო უნივერსიტეტის ბიბლიოთეკა

ტექსტი როგორც ენობრივი მოღვაწეობის წერილობითი განცხადება : (ბიბ.ჩანაწერი № 46505)

000 -ლიდერი
ფიქსირებული სიგრძის საკონტროლო ველი 01677nam a2200301Ia 4500
001 - საკონტროლო ნომერი
საკონტროლო ველი 13344
003 - საკონტროლო ნომრის იდენტიფიკატორი
საკონტროლო ველი GE_BSU
005 - ბოლო ოპერაციის თარიღი და დრო
საკონტროლო ველი 20240904162714.0
008 - ფიქსირებული სიგრძის მონაცემთა ელემენტები - ზოგადი ინფორმაცია
ფიქსირებული სიგრძის საკონტროლო ველი 181216s2014||||ge |||||||||||||| || ||
020 ## - წიგნის საერთაშორისო სტანდარტული ნომერი
International Standard Book Number 9789941222610
040 ## - კატალოგიზაციის წყარო
Transcribing agency GE_BSU
041 ## - ენის კოდი
Language code of text/sound track or separate title geo
080 ## - უნივერსალური ათობითი კლასიფიკაციის ინდექსი
Universal Decimal Classification number 81'42+801.73+821.112.2.09 ფ-98
100 ## - მთავარი ჩანაწერი - პიროვნების სახელი
Personal name ფურცელაძე, ვიოლა
9 (RLIN) 23160
245 ## - ცნობა სათაურის შესახებ
Title ტექსტი როგორც ენობრივი მოღვაწეობის წერილობითი განცხადება :
Remainder of title [მონოგრაფია] /
Statement of responsibility, etc ვიოლა ფურცელაძე ; რედ.-გამომც. ნინო ქიმერიძე.
250 ## - გამოცემის ცნობა
Edition statement მე-2 შევსებული გამოცემა
264 ## - წარმოების, გამოცემის, დისტრიბუციის და სხვა ცნობები
გამოცემის, წარმოების, დისტრიბუციის... ადგილი თბილისი :
გამოცემის, წარმოების, დისტრიბუციის... სახელწოდება უნივერსალი,
გამოცემის, წარმოების, დისტრიბუციის... თარიღი 2014.
300 ## - ფიზიკური აღწერა
Extent 390 გვ. ;
Dimensions 24 სმ.
500 ## - ზოგადი შენიშვნა
General note ეძღვნება ავტ. შვილის კახა კაციტაძის ხსოვნას
504 ## - BIBLIOGRAPHY, ETC. NOTE
Bibliography, etc ბიბლიოგრ. : გვ. 375-388
520 ## - SUMMARY, ETC.
Summary, etc რეზიუმე გერმანულ ენაზე
653 ## - INDEX TERM--UNCONTROLLED
Uncontrolled term ტექსტი როგორც ენობრივი მოღვაწეობის წერილობითი განცხადება
653 ## - INDEX TERM--UNCONTROLLED
Uncontrolled term ტექსტის ლინგვისტიკა
653 ## - INDEX TERM--UNCONTROLLED
Uncontrolled term ტექსტის კრიტიკა და განმარტება
653 ## - INDEX TERM--UNCONTROLLED
Uncontrolled term ტექსტოლოგია
700 ## - ADDED ENTRY--PERSONAL NAME
Personal name ქიმერიძე, ნინო
Relator term რედაქტორი
9 (RLIN) 23161
942 ## - ADDED ENTRY ELEMENTS (KOHA)
Koha item type წიგნი
Source of classification or shelving scheme
ეგზემპლარები
ჩამოწერის სტატუსი დაკარგული ეგზემპლარის სტატუსი კლასიფიკაციის წყარო ან თაროზე გაწყობის სქემა დაზიანების სტატუსი არ გაიცემა მუდმივი მდებარეობა (დაცვის ადგილი) ამჟამინდელი ადგილსამყოფელი თაროზე განთავსების ადგილი შეძენის თარიღი სრული შენახვის შიფრი შტრიხკოდი ბოლო ოპერაციის თარიღი ეგზემპლარის მიმდევრობითი ნომერი (კეტერი?) ფასის ძალაში შესვლის თარიღი ეგზემპლარის სახეობა
          ბათუმის შოთა რუსთაველის სახელმწიფო უნივერსიტეტის მთავარი ბიბლიოთეკა ბათუმის შოთა რუსთაველის სახელმწიფო უნივერსიტეტის მთავარი ბიბლიოთეკა წიგნსაცავი 2018-12-17 81'42+801.73+821.112.2.09 ფ-98 27242 2018-12-17 27242 2018-12-17 წიგნი